000 00828nam a2200193Ia 4500
008 151121s9999||||xx |||||||||||||| ||und||
082 _aबा।वि।
082 _bHNW-78925
100 _aपरमहंस आचार्य
245 _aप्राचीन भारत की वैज्ञानिक उपलब्धियाँ
260 _b"प्रगती विज्ञान, दिल्ली।"
260 _c--
300 _a126
600 _aपरमहंस आचार्य
630 _aप्राचीन भारत की वैज्ञानिक उपलब्धियाँ
700 _aपरमहंस आचार्य
730 _aप्राचीन भारत की वैज्ञानिक उपलब्धियाँ
942 _cBOOK
999 _c1260328
_d1260325